Priemysel papiera a celulózy analýza odvetvia

Priemysel papiera je najrýchlejšie rastúci a rozvíjajúci sa priemysel v Európe. Svetová produkcia a spotreba. Európsky papierenský priemysel (Rakúsko, Nemecko, Taliansko, Česko). Výroba celulózy, papiera a lepenky na Slovensku. Charakteristika najväčších producentov: AssiDomän Packing, a.s., Štúrovo...

ver descrição completa

Na minha lista:
Detalhes bibliográficos
Autor principal: Ilavský, Martin
Formato: Capítulo de Livro
Idioma:eslovaco
inglês
Assuntos:
Tags: Adicionar Tag
Sem tags, seja o primeiro a adicionar uma tag!

MARC

LEADER 00000naa a2200000 4500
001 r035681
005 20230426112341.2
041 0 |a slo 
041 0 |a eng 
044 |a SK 
245 1 0 |a Priemysel papiera a celulózy  |b analýza odvetvia  |c Martin Ilavský 
520 |a Priemysel papiera je najrýchlejšie rastúci a rozvíjajúci sa priemysel v Európe. Svetová produkcia a spotreba. Európsky papierenský priemysel (Rakúsko, Nemecko, Taliansko, Česko). Výroba celulózy, papiera a lepenky na Slovensku. Charakteristika najväčších producentov: AssiDomän Packing, a.s., Štúrovo, Grafobal, a.s., Skalica, Harmanecké papierne, a.s., Harmanec, Tento, a.s., Žilina. 
610 2 0 |a priemysel celulózový 
610 2 0 |a priemysel papiernický 
610 2 0 |a odvetvia priemyselné 
610 2 0 |a analýzy 
610 2 0 |a Slovensko 
610 2 0 |a Európa 
610 2 0 |a AssiDomän Packaging, a.s. Štúrovo 
610 2 0 |a Grafobal, a.s. Skalica 
610 2 0 |a Harmanecké papierne, a.s. Harmanec 
610 2 0 |a Tento, a.s. Žilina 
100 1 |a Ilavský, Martin